Spacetime and singularities : (Record no. 29000)

000 -LEADER
fixed length control field 00670 a2200193 4500
020 ## - INTERNATIONAL STANDARD BOOK NUMBER
International Standard Book Number 052133327X
020 ## - INTERNATIONAL STANDARD BOOK NUMBER
International Standard Book Number 9780521333276
082 04 - DEWEY DECIMAL CLASSIFICATION NUMBER
Classification number 511
090 ## - LOCALLY ASSIGNED LC-TYPE CALL NUMBER (OCLC); LOCAL CALL NUMBER (RLIN)
-- 367
-- 367
100 1# - MAIN ENTRY--PERSONAL NAME
Personal name Naber, Gregory L.
245 10 - TITLE STATEMENT
Title Spacetime and singularities :
Remainder of title an introduction /
Statement of responsibility, etc. Gregory L. Naber.
250 ## - EDITION STATEMENT
Edition statement 1st ed.
260 ## - PUBLICATION, DISTRIBUTION, ETC.
Place of publication, distribution, etc. [S.l.] :
Name of publisher, distributor, etc. Cambridge University Press,
Date of publication, distribution, etc. 1989.
300 ## - PHYSICAL DESCRIPTION
Extent 192 p.
490 1# - SERIES STATEMENT
Series statement London mathematical society student texts.
830 #0 - SERIES ADDED ENTRY--UNIFORM TITLE
Uniform title London mathematical society student texts.
942 ## - ADDED ENTRY ELEMENTS (KOHA)
Institution code [OBSOLETE] SNS
Koha item type Book
Call number prefix 530.11 NAB
Holdings
Withdrawn status Lost status Damaged status Not for loan Permanent Location Current Location Date acquired Total Checkouts Full call number Barcode Date last seen Price effective from Koha item type
        School of Natural Sciences (SNS) School of Natural Sciences (SNS) 05/26/2016   530.11 NAB SNS0000287 05/26/2016 05/26/2016 Book
© 2023 Central Library, National University of Sciences and Technology. All Rights Reserved.